LIBRARY & INFORMATION CENTRE, KCAET, TAVANUR

ONLINE PUBLIC ACCESS CATALOGUE (OPAC)

Fundamentals of agriculture, Vol.2 (Record no. 14819)

MARC details
000 -LEADER
fixed length control field 00327nam a22001337a 4500
020 ## - INTERNATIONAL STANDARD BOOK NUMBER
ISBN 8186099921
082 ## - DEWEY DECIMAL CLASSIFICATION NUMBER
Classification number 630
Item number ARU/FU
100 ## - MAIN ENTRY--AUTHOR NAME
Personal name Arun Katyayan
245 ## - TITLE STATEMENT
Title Fundamentals of agriculture, Vol.2
250 ## - EDITION STATEMENT
Edition statement 7th
260 ## - PUBLICATION, DISTRIBUTION, ETC. (IMPRINT)
Place of publication Varanasi
Name of publisher Kushal Publications and Distributors
Year of publication 2016
300 ## - PHYSICAL DESCRIPTION
Number of Pages 539p.
942 ## - ADDED ENTRY ELEMENTS (KOHA)
Koha item type Books
Holdings
Withdrawn status Lost status Damaged status Collection code Home library Current library Shelving location Date acquired Source of acquisition Cost, normal purchase price Full call number Accession Number Koha item type
        KAUAET KAUAET General Stacks 30/03/2017 Aman Books 320.00 630 ARU/FU 25541 Books
        KAUAET KAUAET General Stacks 30/03/2017 Aman Books 320.00 630 ARU/FU 25542 Books
free website counter